[Event "36th Mitropa Cup Open 2018"]
[Site "Isola Capo Rizzuto"]
[Date "2018.06.03"]
[Round "4"]
[White "Valsecchi, Alessio"]
[Black "Kreisl, Robert"]
[Result "1/2-1/2"]
[WhiteElo "2510"]
[BlackElo "2402"]
[Annotator "TA"]
[PlyCount "86"]
[EventDate "2018.05.31"]
[EventType "team-tourn"]
[EventCountry "ITA"]
[SourceTitle "playchess.com"]
[Source "ChessBase"]
[SourceQuality "1"]
[WhiteTeam "Italy"]
[BlackTeam "Austria"]
[WhiteTeamCountry "ITA"]
[BlackTeamCountry "AUT"]

{[%evp 9,86,7,11,27,24,23,26,15,15,6,20,8,22,0,7,0,19,16,36,0,0,0,0,-14,28,5,34,22,19,22,26,20,19,11,32,13,4,0,13,4,9,8,9,0,2,-10,0,0,0,0,0,-65,-62,-60,-62,-48,-41,-47,-50,-59,-9,-41,-9,-139,-139,-163,-139,-229,-239,-244,-139,-139,0,0,0,0,0,0,0]} 1. e4 c6 2. Nc3 d5 3. Nf3 dxe4 4. Nxe4 Nf6 5. Ng3 Bg4 (5... e6 {keeps more tension.} 6. d4 Be7 7. Bd3 O-O 8. O-O b6) 6. h3 {B11: Caro-Kann: Two Knights Variation} (6. c3 e6 7. d4 Nbd7 8. h3 Bxf3 9. Qxf3 Bd6 10. Bd3 Qc7 11. O-O O-O 12. Bg5 c5 13. dxc5 Qxc5 {½-½ (31) Lu,S (2522)-Swapnil,S (2445) Albena 2012}) 6... Bxf3 7. Qxf3 Nbd7 8. Be2 {White has an edge.} e6 9. d4 Bd6 10. O-O O-O 11. c4 a5 $146 12. Bd2 Re8 13. Rad1 e5 14. dxe5 Bxe5 15. Nf5 Qc7 16. Bc1 Bh2+ 17. Kh1 {[#] And now g3 would win.} Ne5 18. Qb3 Ng6 $1 19. Bf3 {Threatens to win with g3.} Be5 20. Be3 a4 21. Qb4 Qc8 22. Nd6 Bxd6 $1 23. Qxd6 Nh4 24. Qf4 Nxf3 25. Qxf3 Qe6 $36 {[%mdl 2048] Black has some pressure.} 26. Qf4 Ne4 27. Rd4 Rad8 28. Rfd1 Rxd4 29. Rxd4 h6 30. Qg4 ({Better is} 30. Qc7 $11) 30... Qxg4 $15 31. hxg4 {[#]} Ng3+ $1 {[%mdl 512]} 32. fxg3 Rxe3 {[%mdl 4096] Endgame KR-KR} 33. Rd8+ Kh7 {...Re2 is the strong threat.} 34. Rd7 b5 35. Rxf7 Re2 36. Rc7 (36. cxb5 $11 cxb5 37. b4) 36... Rxb2 {aiming for ...b4.} 37. Rxc6 bxc4 ({Worse is} 37... Rxa2 38. cxb5 Rb2 39. Ra6 $11) 38. Rxc4 (38. g5 $17 hxg5 39. a3) 38... Rxa2 $19 39. Kh2 Ra1 (39... g5 $19 40. Rc7+ Kg6 41. Rc6+ Kg7) 40. g5 $17 hxg5 ({Black should try} 40... a3 $17 41. gxh6 a2) 41. Kh3 $1 $11 {The position is equal.} a3 42. Ra4 Ra2 43. Kg4 Rxg2 {Precision: White = 43%, Black = 41%.} 1/2-1/2

[Event "36th Mitropa Cup Open 2018"]
[Site "Isola Capo Rizzuto"]
[Date "2018.06.03"]
[Round "4"]
[White "Korpa, Bence"]
[Black "Jablonicky, Martin"]
[Result "1/2-1/2"]
[WhiteElo "2500"]
[BlackElo "2356"]
[Annotator "TA"]
[PlyCount "217"]
[EventDate "2018.05.31"]
[EventType "team-tourn"]
[EventCountry "ITA"]
[SourceTitle "playchess.com"]
[Source "ChessBase"]
[SourceQuality "1"]
[WhiteTeam "Hungary"]
[BlackTeam "Slovakia"]
[WhiteTeamCountry "HUN"]
[BlackTeamCountry "SVK"]

{[%evp 27,217,11,6,5,7,0,0,0,16,0,13,10,3,0,0,-2,5,0,12,9,9,6,16,16,94,94,87,84,94,88,82,83,107,110,102,115,102,41,67,54,47,15,16,16,29,28,34,10,17,16,70,70,70,70,70,70,70,70,84,70,1103,1077,1101,1103,1174,1075,1156,1091,1055,956,1091,1029,974,555,317,192,192,192,192,192,192,8,8,8,8,8,8,8,8,8,8,8,8,8,8,8,8,0,8,8,8,8,8,8,8,8,8,8,8,8,8,8,8,0,8,8,8,8,8,0,8,0,8,8,8,8,8,8,8,0,8,8,8,8,8,8,8,8,8,8,8,8,8,8,8,8,8,8,8,8,8,8,8,8,8,8,8,8,8,8,8,8,8,8,8,8,8,8,8,8,8,8,8,8,8,8,8,0,8,8,8,0,8,8,8,8,8,8,8,8,8,0]} 1. d4 Nf6 2. c4 g6 3. g3 Bg7 4. Bg2 O-O 5. Nf3 d6 6. O-O Nbd7 7. Nc3 e5 8. Qc2 exd4 9. Nxd4 Nb6 10. Rd1 Nxc4 11. Ncb5 a6 12. Qxc4 axb5 13. Nxb5 Ne8 {E67: King's Indian: Fianchetto: 6...Nbd7} 14. Qb4 c6 {LiveBook: 3 Games} (14... Be6 15. Be3 Qe7 16. Nc3 Nf6 17. Qh4 Ra5 18. Bg5 h6 19. Bxh6 Rh5 20. Bxg7 Rxh4 21. Bxf8 Kxf8 22. gxh4 {0-1 (44) Zhou,W (2606)-Yu,Y (2750) China 2017}) 15. Nc3 Qa5 $146 ({Predecessor:} 15... d5 16. Be3 Nc7 17. Bb6 Be6 18. e4 Re8 19. exd5 cxd5 20. Qf4 {1-0 (20) Martinovic,S (2455)-Fritsche,L (2365) Germany 1995}) 16. Qxa5 Rxa5 17. Be3 Be6 18. Bd4 Bxd4 19. Rxd4 d5 20. e4 dxe4 $1 21. Bxe4 Nc7 22. a3 {[%cal Ba2a3,Ba3a4][%mdl 32]} Nb5 23. Nxb5 Rxb5 24. b4 Ra8 25. a4 Bb3 (25... g5 $11 {remains equal.}) 26. Ra3 $16 Be6 27. axb5 Rxa3 28. bxc6 bxc6 29. Bxc6 {[%mdl 4096] Endgame KRB-KRB} Bh3 {( -> ...Ra1+)} 30. f4 Kf8 31. b5 Rb3 32. Rd2 (32. Ra4 $16) 32... Ke7 33. Kf2 Be6 34. Rc2 Kd6 35. Ke1 Bf5 36. Rd2+ Kc5 37. Ke2 Bg4+ 38. Kf2 Bf5 ({Better is} 38... Be6 $11) 39. Bd5 $14 Rxb5 40. Bxf7 Rb7 41. Ba2 Ra7 42. Bb3 h5 43. Bd1 Rd7 $2 {[%mdl 8192]} (43... Ra3 $14) 44. Rxd7 $18 Bxd7 {[#] KB-KB} 45. Bc2 $1 {[%cal Rc2g6]} Be8 {[#]} 46. g4 $1 {[%mdl 512]} Kd6 (46... hxg4 47. Kg3) 47. Kg3 Ke6 48. Kh4 Kf6 {[#]} 49. g5+ $1 Kg7 50. f5 Bd7 51. fxg6 Bg4 52. Be4 Be2 53. Kg3 Bd1 54. Bf3 $2 ({White should play} 54. Bd3 $18) 54... Kxg6 $11 {The position is equal.} 55. h4 Ba4 56. Kf4 Bd7 57. Ke5 Bc8 58. Bc6 Kg7 59. Be8 Bg4 60. Kf4 Bd1 61. Bc6 Bb3 62. Be8 Bd1 63. Ke3 Bg4 64. Ba4 Be6 65. Kf4 Bg4 66. Bc6 Bc8 67. Bf3 Kg6 68. Ke5 Bd7 69. Bd1 Bc8 70. Bf3 Bd7 71. Kd6 Bg4 72. Bc6 Kg7 73. Ke5 Bd1 74. Kf4 Bb3 75. Kf5 Bd1 76. Be4 Bg4+ 77. Kf4 Bd7 78. Bf3 Kg6 79. Ke3 Ba4 80. Kd4 Bd7 81. Kc5 {Strongly threatening Be4+.} Bc8 82. Be2 Bd7 83. Kd6 Bg4 84. Bc4 Bd1 85. Ke5 {And now Bd3+ would win.} Ba4 86. Ke6 Bd1 87. Bd5 Bg4+ 88. Ke5 $1 {[%cal Re5d6]} Kg7 89. Kf4 Bd7 90. Be4 Ba4 91. Ke3 Bd7 92. Bd3 Ba4 93. Kd4 Bd7 94. Kd5 Bg4 95. Be4 Bd1 96. Kd6 {Black must now prevent Ke7.} Bg4 97. Bg2 {Hoping for Bc6.} Bd1 98. Kd5 {Ke6 is the strong threat.} Bg4 99. Ke5 {Threatens to win with Bc6.} Bd1 100. Ke4 Ba4 101. Bf3 Kg6 102. Ke5 Bd7 103. Be4+ Kg7 104. Kf4 {aiming for Ke5.} Ba4 105. g6 Kf6 106. Bb1 Be8 107. Bc2 Bxg6 108. Bxg6 Kxg6 109. Ke4 {Precision: White = 59%, Black = 70%.} 1/2-1/2

[Event "36th Mitropa Cup Open 2018"]
[Site "Isola Capo Rizzuto"]
[Date "2018.06.03"]
[Round "4"]
[White "Dragnev, Valentin"]
[Black "Godena, Michele"]
[Result "1/2-1/2"]
[WhiteElo "2489"]
[BlackElo "2506"]
[Annotator "TA"]
[PlyCount "94"]
[EventDate "2018.05.31"]
[EventType "team-tourn"]
[EventCountry "ITA"]
[SourceTitle "playchess.com"]
[Source "ChessBase"]
[SourceQuality "1"]
[WhiteTeam "Austria"]
[BlackTeam "Italy"]
[WhiteTeamCountry "AUT"]
[BlackTeamCountry "ITA"]

{[%evp 14,94,12,7,4,2,8,6,25,5,7,4,13,0,0,2,-12,-22,2,5,8,0,14,8,6,0,8,-18,-17,-68,-36,-39,-21,-48,0,-55,-40,-111,-110,-104,-123,-100,-88,-98,0,-79,-22,-13,-10,-52,24,30,35,26,35,37,24,29,44,29,33,-86,0,0,0,0,24,0,0,0,19,0,0,-12,-12,-11,-3,-32,-20,-34,0,-8,0]} 1. Nf3 d5 {[%cal Bd7d5,Bd5c4][%mdl 32]} 2. d4 Nf6 3. c4 dxc4 4. Nc3 c6 5. e4 b5 6. Be2 {D15: Slav Defence: 4 Nc3 a6 and gambit lines after 4 Nc3 dxc4} b4 (6... e6 7. O-O Be7 8. a4 b4 9. e5 bxc3 10. exf6 Bxf6 11. bxc3 Ba6 12. Ne5 Bxe5 13. dxe5 Qxd1 14. Rxd1 {1-0 (27) Adhiban,B (2650)-Rapport,R (2715) Reykjavik 2018}) 7. Na4 Nxe4 8. Bxc4 {LiveBook: 4 Games} Nd6 9. Bb3 e6 10. O-O Be7 11. Re1 $146 ({Predecessor:} 11. Qd3 Ba6 12. Qc2 Bxf1 13. Kxf1 O-O {0-1 (27) Rios Franco,S-Garcia,M (1725) Cali 2011}) 11... O-O 12. Bf4 Nd7 13. Rc1 Nf5 14. h3 Bb7 15. Qd3 Nh4 16. Nxh4 Bxh4 17. Qe3 Bf6 18. Rcd1 a5 19. Qg3 Re8 20. Re3 Ba6 21. Qg4 (21. Nc5 $11) 21... Bb5 22. Nc5 {Black should prevent Nb7.} a4 23. Bc2 g6 24. h4 ({White should play} 24. Nb7 $1 $11 Qb6 25. Nd6) 24... Bg7 25. Qh3 (25. Nxd7 $15 h5 26. Qg3 Qxd7 27. Be5) 25... Nf6 {Hoping for ...Nd5.} 26. Be5 Nd5 27. Ree1 Qe7 28. Ne4 Rad8 ({Better is} 28... a3 $17 29. Bxg7 Kxg7) 29. Qg3 {[#]} (29. h5 $11 {remains equal.}) 29... f6 (29... Nf6 $1 $17) 30. Bd6 $11 Qf7 31. Nc5 {[#]} a3 $1 {[%mdl 512]} 32. bxa3 bxa3 33. Ne4 Bh6 34. Bxa3 {Strongly threatening Nd6.} Bf4 35. Qf3 f5 36. Nc5 Ra8 37. Bb1 (37. Bc1 $14 Bd6 38. Bb3) 37... Ba4 ({Black should try} 37... e5 $17 {Threatens to win with ...e4.} 38. dxe5 Bxe5) 38. Nxa4 Rxa4 39. g3 Rea8 40. Rd3 Bh6 41. Bb2 Bg7 42. Qe2 Rb8 43. Rb3 Rxb3 44. axb3 Rb4 45. Qd3 Qd7 46. Rc1 Qb7 47. Bc2 Kf7 {Precision: White = 41%, Black = 51%.} 1/2-1/2

[Event "36th Mitropa Cup Open 2018"]
[Site "Isola Capo Rizzuto"]
[Date "2018.06.03"]
[Round "4"]
[White "Nayhebaver, Martin"]
[Black "Kantor, Gergely"]
[Result "0-1"]
[WhiteElo "2478"]
[BlackElo "2522"]
[Annotator "TA"]
[PlyCount "74"]
[EventDate "2018.05.31"]
[EventType "team-tourn"]
[EventCountry "ITA"]
[SourceTitle "playchess.com"]
[Source "ChessBase"]
[SourceQuality "1"]
[WhiteTeam "Slovakia"]
[BlackTeam "Hungary"]
[WhiteTeamCountry "SVK"]
[BlackTeamCountry "HUN"]

{[%evp 27,74,-6,0,0,0,0,4,14,23,0,0,-6,49,52,54,33,51,51,43,49,59,49,42,47,89,46,115,131,129,125,106,107,109,111,114,124,123,31,37,52,37,0,0,-13,5,-408,-413,-931,-914]} 1. d4 Nf6 2. c4 e6 3. Nc3 Bb4 4. e3 O-O 5. Bd3 d5 6. Nge2 dxc4 7. Bxc4 c5 8. a3 Bxc3+ 9. bxc3 Qc7 10. Ba2 b6 {E49: Nimzoindisch (Moderne Variante)} 11. Bb2 Ba6 12. O-O Rd8 13. Re1 (13. Rc1 Nc6 14. c4 cxd4 15. exd4 Ng4 16. Ng3 Qf4 17. h3 {0-1 (38) Rakhmanov,A (2653)-Mamedyarov,S (2799) Riadh 2017}) 13... Nc6 14. Ng3 Rac8 {LiveBook: 3 Partien} 15. e4 Qf4 16. h3 cxd4 17. cxd4 {[#]} Ne5 $1 {[%mdl 512] zielt auf ...Sd3 ab.} 18. Bb1 (18. dxe5 Rxd1) 18... Bb7 $146 ({Vorgänger:} 18... Nc4 19. Bc1 Qh4 20. d5 Kh8 21. Qa4 {0-1 (29) Klimov,S (2506)-Khantuev,A (2322) St Petersburg 2010}) 19. Qe2 Ng6 (19... Nc6 $11) 20. a4 $14 Qg5 21. Qe3 Nf4 22. Bc1 e5 23. dxe5 $1 Qxe5 24. Ra3 Ne6 25. Nf5 {Und weiter mit Se7+ wäre nett.} Nd4 26. Nxg7 {Sf5 ist eine echte Drohung.} Kxg7 (26... Rxc1 $1 $14 27. Qxc1 Kxg7) 27. Qh6+ $16 Kh8 {Und ...Se2+! würde nun gewinnen.} 28. Bf4 Qe6 {[#] Droht ...Sf5! und aus.} 29. e5 $1 {[%cal Re5f6]} Rg8 30. Bg5 $40 {[%mdl 128] [#] Weiss hat starken Angriff.} Rxg5 $1 31. Qxg5 Ng8 {[#]} 32. Rg3 (32. Rd3 $1 $16 {[%cal Rd3d4]} Qd5 33. h4 (33. Rg3 $2 Qxg2+ 34. Rxg2 Nf3+ 35. Kf1 Ba6+ 36. Re2 Nxg5 $19)) 32... Qh6 $14 33. Qg4 {[%mdl 1024] Weiss hat Kompensation.} Ne6 34. Qf5 Rf8 35. Be4 Nd4 36. Qd7 $2 {[%mdl 8192]} (36. Qg4 $1 $11 Bxe4 37. Qxe4) 36... Qd2 $19 37. Kh2 {[#]} (37. Qg4 $142 Qxe1+ 38. Kh2) 37... Nf3+ $1 {[%mdl 512] Precision: Weiß = 41%, Schwarz = 49%.} 0-1

[Event "36th Mitropa Cup Open 2018"]
[Site "Isola Capo Rizzuto"]
[Date "2018.06.03"]
[Round "4"]
[White "Studer, Noel"]
[Black "Velten, Paul"]
[Result "1-0"]
[WhiteElo "2475"]
[BlackElo "2470"]
[Annotator "TA"]
[PlyCount "77"]
[EventDate "2018.05.31"]
[EventType "team-tourn"]
[EventCountry "ITA"]
[SourceTitle "playchess.com"]
[Source "ChessBase"]
[SourceQuality "1"]
[WhiteTeam "Switzerland"]
[BlackTeam "France"]
[WhiteTeamCountry "SUI"]
[BlackTeamCountry "FRA"]

{[%evp 26,77,0,0,8,0,0,-14,8,13,19,-8,0,-3,96,100,91,86,129,82,91,81,158,116,147,140,140,117,277,285,323,296,331,306,313,316,465,470,453,377,470,472,452,446,500,483,786,737,947,795,1177,1114,4889,2875]} 1. d4 Nf6 2. c4 e6 3. Nf3 d5 4. g3 Bb4+ 5. Bd2 Be7 6. Bg2 O-O 7. O-O Nbd7 8. Qb3 c6 9. Bf4 Nh5 10. Bc1 Nhf6 11. Rd1 {E07: Closed Catalan: Main Line (5 Nf3 0-0 6 0-0 Nbd7)} (11. Bg5 h6 12. Bxf6 Nxf6 13. Ne5 Nd7 14. Nxd7 Qxd7 15. Nc3 Rd8 16. Rad1 Qc7 17. e4 dxc4 18. Qxc4 b5 19. Qb3 {½-½ (89) Krasenkow,M (2610)-Fressinet,L (2692) Drancy 2016}) 11... b6 12. Nc3 Bb7 13. cxd5 cxd5 14. Bf4 {[#] LiveBook: 5 Games} Nb8 $146 ({Predecessor:} 14... a6 15. Rac1 Rc8 16. a4 {½-½ (18) Gleizerov,E (2572)-Ibrahimov,R (2525) Abu Dhabi 2005}) 15. Nb5 {Threatens to win with Nc7.} Nc6 16. Rac1 Ne8 17. Ne5 Na5 $1 {[%cal Ra5b3]} 18. Qd3 a6 19. Nc3 $36 {[%mdl 2048] White has some pressure.} Nd6 {[#]} (19... f6 $11 {remains equal.} 20. Ng4 g5) 20. e4 $1 $16 dxe4 21. Nxe4 Bd5 22. Nc3 Bxg2 23. Kxg2 Nb5 (23... Rc8 $142) 24. Na4 Rc8 25. Rxc8 Qxc8 26. Qf3 Qc2 $2 (26... Nc4 $16) 27. Nxb6 $18 Nd6 28. b4 Nab7 29. Ned7 Re8 30. Nc5 Nxc5 (30... g5 $142) 31. dxc5 ({Not} 31. bxc5 Nf5 $18) 31... Nf5 32. a3 g5 33. Rd2 {White is clearly winning.} Qb1 34. Be5 f6 35. Bc3 Bd8 (35... Rd8 $142 36. Rd7 h5) 36. Nd7 Kg7 37. c6 Kg6 {[#]} 38. c7 $1 {[%mdl 512]} Bxc7 39. Nxf6 {Precision: White = 71%, Black = 25%.} 1-0

[Event "36th Mitropa Cup Open 2018"]
[Site "Isola Capo Rizzuto"]
[Date "2018.06.03"]
[Round "4"]
[White "Vogel, Roven"]
[Black "Vykouk, Jan"]
[Result "1/2-1/2"]
[WhiteElo "2467"]
[BlackElo "2423"]
[Annotator "TA"]
[PlyCount "50"]
[EventDate "2018.05.31"]
[EventType "team-tourn"]
[EventCountry "ITA"]
[SourceTitle "playchess.com"]
[Source "ChessBase"]
[SourceQuality "1"]
[WhiteTeam "Germany"]
[BlackTeam "Czech Republic"]
[WhiteTeamCountry "GER"]
[BlackTeamCountry "CZE"]

{[%evp 16,50,0,0,0,11,18,0,0,0,0,-19,-14,-18,2,0,0,19,97,98,97,45,44,52,58,41,46,43,41,0,0,0,0,0,0,0,0]} 1. c4 e5 2. Nc3 Nf6 3. Nf3 Nc6 4. g3 d5 5. cxd5 Nxd5 6. Bg2 Nb6 7. O-O Be7 8. Rb1 a5 9. d3 Be6 {A29: English Opening: Four Knights Variation with 4 g3} 10. Be3 O-O 11. Nd2 (11. Bxb6 cxb6 12. a3 f5 13. e3 Bf6 14. Rc1 Kh8 15. Re1 Bf7 16. Nb5 Bh5 17. Qc2 {0-1 (39) So,W (2812)-Karjakin,S (2781) Paris 2017}) 11... f5 12. Bxb6 cxb6 13. Qa4 Rc8 14. Nc4 $146 ({Predecessor:} 14. Rfe1 Bf6 15. Nc4 Rf7 16. Qb5 e4 17. Qxb6 Bxc4 18. Qxd8+ Nxd8 19. dxc4 Bxc3 20. bxc3 Rxc4 {½-½ (33) Khachiyan,M (2478)-Bojkov,D (2556) Los Angeles 2012}) 14... Nd4 {Strongly threatening ...b5!} 15. e3 {[#]} b5 $1 {[%cal Rb5a4][%mdl 512]} 16. Nxb5 Nxb5 (16... Ne2+ $11 17. Kh1 Rc5) 17. Qxb5 $16 Qxd3 18. Qxb7 ({White should try} 18. b3 $16) 18... Qxc4 $14 19. Qxe7 Rfe8 20. Qd6 Qc5 21. Qxc5 Rxc5 22. Rbc1 Rec8 {The position is equal.} 23. Rxc5 Rxc5 24. b3 Rc2 25. Ra1 Kf7 {Precision: White = 49%, Black = 70%.} 1/2-1/2

[Event "36th Mitropa Cup Open 2018"]
[Site "Isola Capo Rizzuto"]
[Date "2018.06.03"]
[Round "4"]
[White "Cernousek, Lukas"]
[Black "Kollars, Dmitrij"]
[Result "1/2-1/2"]
[WhiteElo "2462"]
[BlackElo "2538"]
[Annotator "TA"]
[PlyCount "35"]
[EventDate "2018.05.31"]
[EventType "team-tourn"]
[EventCountry "ITA"]
[SourceTitle "playchess.com"]
[Source "ChessBase"]
[SourceQuality "1"]
[WhiteTeam "Czech Republic"]
[BlackTeam "Germany"]
[WhiteTeamCountry "CZE"]
[BlackTeamCountry "GER"]

{[%evp 22,35,6,1,22,5,30,0,0,-6,12,17,15,20,14,15]} 1. d4 d5 2. Nf3 Nf6 3. c4 e6 4. g3 Be7 5. Bg2 O-O 6. O-O dxc4 7. Qc2 b6 8. Rd1 Bb7 9. Qxc4 Nbd7 10. Nc3 c5 11. dxc5 {E03: Open Catalan: 5 Qa4+ Nbd7 6 Qxc4} (11. Ne5 Bxg2 12. Kxg2 Qc8 13. Nxd7 Qxd7 14. dxc5 Qc6+ 15. f3 Qxc5 16. Qxc5 Bxc5 17. Bf4 Rfd8 18. e4 Ne8 {½-½ (41) Aronian,L (2794)-Mamedyarov,S (2809) Berlin 2018}) 11... Bxc5 12. Bg5 {[#] LiveBook: 3 Games. Strongly threatening Bxf6.} Qc7 13. Qh4 h6 14. Bxf6 $146 (14. Bf4 $5 {[%cal Rf4c7]} Qc6 15. Qh3 $11) ({Predecessor:} 14. Bf4 Qd8 15. Ne5 Bxg2 16. Kxg2 Qc8 17. Nxd7 Nxd7 18. Qg4 {½-½ (18) Anand,N (2114)-Doric,N (2249) Palic 2017}) 14... Nxf6 {The position is equal.} 15. Qf4 e5 16. Nxe5 Bxg2 $1 17. Kxg2 Bxf2 $1 18. Nd7 1/2-1/2

[Event "36th Mitropa Cup Open 2018"]
[Site "Isola Capo Rizzuto"]
[Date "2018.06.03"]
[Round "4"]
[White "Tica, Sven"]
[Black "Janzelj, Tim"]
[Result "0-1"]
[WhiteElo "2446"]
[BlackElo "2410"]
[Annotator "TA"]
[PlyCount "112"]
[EventDate "2018.05.31"]
[EventType "team-tourn"]
[EventCountry "ITA"]
[SourceTitle "playchess.com"]
[Source "ChessBase"]
[SourceQuality "1"]
[WhiteTeam "Croatia"]
[BlackTeam "Slovenia"]
[WhiteTeamCountry "CRO"]
[BlackTeamCountry "SLO"]

{[%evp 27,112,-15,-4,-16,-8,-16,-21,-11,0,-21,-25,-20,-12,-41,-21,-29,-27,-39,-33,-120,-117,-117,-118,-117,-134,-121,-124,-136,-128,-133,-130,-139,-55,-179,-208,-193,-195,-255,-248,-239,-239,-233,-239,-374,-360,-339,-248,-356,-338,-306,-308,-495,-239,-350,-288,-275,-245,-247,-238,-270,-169,-160,-153,-404,-399,-464,-460,-452,-452,-442,-430,-389,0,-258,0,-583,-578,-569,-568,-508,-497,-29953,-29955,-5289,-5217,-5173,-2377]} 1. d4 Nf6 2. c4 e6 3. g3 d5 4. Bg2 Be7 5. Nf3 O-O 6. O-O dxc4 7. Qc2 a6 8. a4 Bd7 9. Qxc4 Bc6 10. Bf4 Bd6 {E05: Open Catalan: 5 Nf3 Be7} 11. Qc1 (11. Bg5 Nbd7 12. Nc3 h6 13. Bc1 a5 14. b3 Qe7 15. Bb2 Rfd8 16. Rac1 Ba3 17. Bxa3 Qxa3 18. Nb5 Qe7 19. Qc2 Bxf3 20. Bxf3 {½-½ (31) Ding,L (2769)-Mamedyarov,S (2809) Berlin 2018}) 11... a5 12. Nc3 Na6 13. Bg5 h6 14. Bxf6 Qxf6 {LiveBook: 5 Games} 15. e4 {Threatens to win with e5.} e5 16. d5 Bd7 17. Nd2 Nb4 18. Nc4 {[#]} Bc5 $146 19. Qd2 c6 20. Rac1 Rfd8 21. b3 Bg4 22. Ne3 Bf3 23. Nf5 (23. Bxf3 $15 Qxf3 24. Qd1 Qxd1 25. Rfxd1) 23... Bxg2 $17 24. Kxg2 cxd5 25. Nxd5 Nxd5 26. exd5 {Hoping for Nxh6+!} Ba3 ({But not} 26... Qxf5 $6 27. Rxc5 b6 28. Rb5 $11) 27. Ne3 Bxc1 28. Rxc1 Qb6 29. Qd3 Qd4 (29... Rac8 $17 30. Rc4 Rxc4 31. bxc4 Qd4) 30. Qb5 ({White should play} 30. Qf5 $1 $15) 30... Qe4+ $19 31. Kg1 Rac8 32. Rc4 (32. Rd1 $142) 32... Rxc4 $1 33. bxc4 {[%mdl 4096] Endgame [#] KQR-KQN} f5 $1 {[%cal Bf7f5,Bf5f4][%mdl 32]} 34. Qxa5 {[#]} Rf8 $1 35. Qc3 (35. d6 $142 f4 36. Qd5+ Qxd5 37. Nxd5) 35... f4 36. Nf1 Qd4 37. Qc2 (37. Qxd4 {was worth a try.} exd4 38. Kg2) 37... Rc8 38. Nd2 {[#]} e4 $1 {[%mdl 512]} 39. gxf4 $2 (39. Qxe4 Qxe4 40. Nxe4 Rxc4 41. Nd6 Rxa4 42. Nxb7) 39... Qxd5 (39... e3 $142 40. Nf1 exf2+ 41. Qxf2 Rxc4 42. Qxd4 Rxd4) 40. Qb2 (40. cxd5 $142 Rxc2 41. Nxe4) 40... Qc6 41. Qd4 Qg6+ 42. Kf1 Re8 43. c5 Qa6+ 44. Nc4 Kh7 45. f5 $2 (45. Qd5 $17) 45... Qxa4 46. Qd5 Qb3 47. f6 {Threatening Qf5+.} Qh3+ 48. Kg1 Qg4+ 49. Kf1 Qh3+ 50. Kg1 Re6 $2 (50... Qg4+ $2 51. Kf1 $19) ({Black should try} 50... Qe6 $19 51. Qxe6 Rxe6) 51. Ne5 $2 {[%mdl 8192]} (51. Qd7 $1 $11 {and White is okay.} Qg4+ 52. Kf1 Qh3+ 53. Kg1 Qg4+ 54. Kf1 Qh3+ 55. Kg1) 51... Rxf6 52. Qxe4+ Qf5 53. Qd4 Re6 54. Nd3 (54. f4 $19) 54... Re4 55. Qd6 Qg4+ 56. Qg3 Qd1+ {Precision: White = 38%, Black = 58%.} 0-1

[Event "36th Mitropa Cup Open 2018"]
[Site "Isola Capo Rizzuto"]
[Date "2018.06.03"]
[Round "4"]
[White "Blohberger, Felix"]
[Black "Brunello, Sabino"]
[Result "1/2-1/2"]
[WhiteElo "2427"]
[BlackElo "2537"]
[Annotator "TA"]
[PlyCount "119"]
[EventDate "2018.05.31"]
[EventType "team-tourn"]
[EventCountry "ITA"]
[SourceTitle "playchess.com"]
[Source "ChessBase"]
[SourceQuality "1"]
[WhiteTeam "Austria"]
[BlackTeam "Italy"]
[WhiteTeamCountry "AUT"]
[BlackTeamCountry "ITA"]

{[%evp 12,119,25,18,8,12,55,52,57,57,43,52,55,48,49,38,54,41,60,54,66,51,48,49,69,74,69,47,69,70,70,70,70,70,70,69,78,60,95,79,79,79,79,79,79,79,79,79,79,81,78,77,77,77,78,70,70,70,70,70,70,70,73,70,73,70,70,70,70,61,61,61,61,61,70,70,100,100,100,100,100,100,100,100,100,3,33,0,100,100,100,99,99,3,3,3,3,0,0,0,0,0,0,0,0,0,0,0,0,0]} 1. e4 c5 2. Nf3 d6 3. Bb5+ Nd7 4. d4 cxd4 5. Qxd4 a6 6. Bxd7+ Qxd7 {B51: Sicilian: Moscow Variation (3 Bb5+) without 3...Bd7} (6... Bxd7 7. c4 e5 8. Qd3 b5 9. Nc3 bxc4 10. Qxc4 Be6 11. Qc6+ Bd7 12. Qc4 Be6 13. Qc6+ Bd7 {½-½ (13) Jones,G (2651)-Wojtaszek,R (2738) Batumi 2018}) 7. c4 {LiveBook: 3 Games} e5 8. Qd3 Qc6 $146 ({Predecessor:} 8... f5 9. Nc3 Nf6 10. Bg5 fxe4 11. Nxe4 Nxe4 12. Qxe4 h6 13. Be3 Qg4 14. Nd2 Qxe4 15. Nxe4 {½-½ (73) Harikrishnan,A (2259)-Das,S (2371) New Delhi 2017}) 9. Nc3 Nf6 10. O-O Be7 11. b3 Be6 12. a4 Nd7 13. Ba3 Nc5 14. Bxc5 Qxc5 15. Rfd1 Rc8 16. Nd5 Bxd5 17. Qxd5 Qb4 18. Qd3 O-O 19. Nd2 Bd8 {[%cal Be7d8,Bd8b6,Bb6c5,Bc5d4][%mdl 32]} 20. Nf1 Bb6 21. Qxd6 Bc5 22. Qd3 $1 ({But not} 22. Qxe5 Qxb3 23. Ng3 Rfe8 $11) 22... b5 23. cxb5 axb5 24. axb5 {[#] Black must now prevent Ra4.} Bd4 25. Rac1 Rb8 26. Ne3 Rxb5 27. Nc2 Qxb3 28. Qxb3 Rxb3 29. Nxd4 exd4 30. Rxd4 $16 {[%mdl 4096] Endgame KRR-KRR} h5 31. g3 Rb7 32. Kg2 g6 33. Rc2 Kg7 34. Rcd2 Re8 35. f4 Ra8 36. e5 Ra3 37. Kh3 Rba7 38. Kh4 Ra2 39. Rxa2 Rxa2 $14 {KR-KR} 40. h3 {[%cal Bh2h3,Bh3g4][%mdl 32]} Kh6 41. Rd6 (41. g4 {with more complications.} hxg4 42. Kxg4 Kg7 43. Rd7 Re2 44. Kf3) 41... Ra4 42. Rf6 Kg7 43. g4 hxg4 44. hxg4 Re4 45. Kg5 Re1 46. Ra6 Re4 47. Ra3 Re1 48. Kh4 (48. Ra4 $16) 48... Re4 49. Kg5 ({Better is} 49. Rf3 $14) 49... Re1 $1 $16 50. Ra5 Re4 51. Rb5 Re1 52. Kh4 (52. Rb6 $16) 52... Re4 $11 {The position is equal.} 53. Kg3 $1 {[%cal Rg3f3] Threatening Kf3.} g5 $1 54. f5 Re3+ 55. Kf2 Re4 56. Kf3 Rf4+ 57. Kg3 Re4 58. e6 fxe6 59. fxe6 Kf6 60. Rf5+ {Precision: White = 69%, Black = 83%.} 1/2-1/2